00283nam a2200121Ia 4500008004100000100001400041245003100055260003300086300000900119650001100128942000700139999001500146190216s9999||||xx |||||||||||||| ||und|| aKumar. Hd 0aModern Concepts Of Ecology bVikas Publishing Housec1977 a201p aBotany cBK c1331d1331